[Event "DVM U10 2023"]
[Site "Magdeburg GER"]
[Date "2023.12.27"]
[Round "1"]
[White "Riazi, Dominik"]
[Black "Michalak, Albert"]
[Result "1-0"]
[Termination "normal"]
[Board "5.4"]
[WhiteElo "1162"]
[BlackElo "740"]
[WhiteClock "00:36:19"]
[BlackClock "00:13:24"]
[WhiteTeam "SK Bad Homburg 1927"]
[BlackTeam "USC Magdeburg"]
[PlyCount "81"]
[EventCountry "GER"]
[EventRounds "7"]
[EventType "team-swiss"]
[EventDate "2023.12.27"]

1. e4 {[%clk 00:55:07]} {[%emt 00:00:02]} e5 {[%clk 00:55:03]} {[%emt
00:00:07]} 2. Nf3 {[%clk 00:55:06]} {[%emt 00:00:07]} Nc6 {[%clk 00:54:54]}
{[%emt 00:00:14]} 3. d4 {[%clk 00:55:07]} {[%emt 00:00:03]} d5 {[%clk
00:53:31]} {[%emt 00:01:28]} 4. exd5 {[%clk 00:54:28]} {[%emt 00:00:44]} Bb4+
{[%clk 00:52:55]} {[%emt 00:00:39]} 5. c3 {[%clk 00:54:20]} {[%emt 00:00:15]}
Qxd5 {[%clk 00:52:12]} {[%emt 00:00:46]} 6. cxb4 {[%clk 00:53:48]} {[%emt
00:00:39]} Bg4 {[%clk 00:51:31]} {[%emt 00:00:45]} 7. dxe5 {[%clk 00:50:44]}
{[%emt 00:00:52]} Qxd1+ {[%clk 00:50:58]} {[%emt 00:02:52]} 8. Kxd1 {[%clk
00:50:19]} {[%emt 00:00:34]} Rd8+ {[%clk 00:50:14]} {[%emt 00:00:49]} 9. Bd2
{[%clk 00:49:53]} {[%emt 00:00:31]} Nxb4 {[%clk 00:49:26]} {[%emt 00:00:54]}
10. a3 {[%clk 00:49:16]} {[%emt 00:00:42]} Nc6 {[%clk 00:48:58]} {[%emt
00:00:31]} 11. Bb5 {[%clk 00:48:32]} {[%emt 00:00:50]} a6 {[%clk 00:48:04]}
{[%emt 00:00:59]} 12. Bxc6+ {[%clk 00:48:29]} {[%emt 00:00:08]} bxc6 {[%clk
00:48:04]} {[%emt 00:00:05]} 13. Kc2 {[%clk 00:47:42]} {[%emt 00:00:53]} Bf5+
{[%clk 00:47:11]} {[%emt 00:00:56]} 14. Kd1 {[%clk 00:46:21]} {[%emt 00:01:33]}
f6 {[%clk 00:46:33]} {[%emt 00:00:46]} 15. exf6 {[%clk 00:46:05]} {[%emt
00:00:23]} Nxf6 {[%clk 00:46:08]} {[%emt 00:00:28]} 16. Re1+ {[%clk 00:45:43]}
{[%emt 00:00:27]} Be4 {[%clk 00:44:38]} {[%emt 00:01:35]} 17. Ng5 {[%clk
00:45:31]} {[%emt 00:00:17]} Rg8 {[%clk 00:44:10]} {[%emt 00:00:32]} 18. Nxe4
{[%clk 00:45:30]} {[%emt 00:00:07]} Kf7 {[%clk 00:38:13]} {[%emt 00:06:03]} 19.
Nxf6 {[%clk 00:44:37]} {[%emt 00:00:58]} gxf6 {[%clk 00:37:19]} {[%emt
00:00:59]} 20. g3 {[%clk 00:44:03]} {[%emt 00:00:39]} Rg5 {[%clk 00:35:26]}
{[%emt 00:01:57]} 21. Kc2 {[%clk 00:45:45]} {[%emt 00:01:56]} f5 {[%clk
00:33:55]} {[%emt 00:01:37]} 22. Bxg5 {[%clk 00:45:01]} {[%emt 00:00:48]} Rd5
{[%clk 00:32:05]} {[%emt 00:01:54]} 23. Nc3 {[%clk 00:44:53]} {[%emt 00:00:14]}
Rc5 {[%clk 00:31:36]} {[%emt 00:00:32]} 24. b4 {[%clk 00:44:28]} {[%emt
00:00:31]} Rc4 {[%clk 00:31:06]} {[%emt 00:00:35]} 25. Kd3 {[%clk 00:44:08]}
{[%emt 00:00:25]} Rg4 {[%clk 00:30:22]} {[%emt 00:00:47]} 26. h4 {[%clk
00:43:31]} {[%emt 00:00:44]} c5 {[%clk 00:28:07]} {[%emt 00:02:19]} 27. bxc5
{[%clk 00:41:53]} {[%emt 00:00:13]} Kg7 {[%clk 00:27:49]} {[%emt 00:01:51]} 28.
Rg1 {[%clk 00:41:44]} {[%emt 00:00:17]} h6 {[%clk 00:27:17]} {[%emt 00:00:37]}
29. f3 {[%clk 00:39:34]} {[%emt 00:02:15]} hxg5 {[%emt 00:01:36]} 30. fxg4
{[%clk 00:38:43]} {[%emt 00:00:30]} gxh4 {[%clk 00:24:41]} {[%emt 00:01:35]}
31. gxh4 {[%clk 00:38:22]} {[%emt 00:00:27]} f4 {[%clk 00:24:08]} {[%emt
00:00:37]} 32. Rge1 {[%clk 00:38:05]} {[%emt 00:00:22]} f3 {[%clk 00:22:32]}
{[%emt 00:01:41]} 33. Re6 {[%clk 00:37:59]} {[%emt 00:00:12]} f2 {[%clk
00:21:49]} {[%emt 00:00:48]} 34. Rd1 {[%clk 00:37:40]} {[%emt 00:00:24]} Kf7
{[%clk 00:18:55]} {[%emt 00:02:58]} 35. Rc6 {[%clk 00:37:13]} {[%emt 00:00:32]}
Ke7 {[%clk 00:16:46]} {[%emt 00:02:00]} 36. Rxc7+ {[%clk 00:37:05]} {[%emt
00:00:28]} Kd8 {[%clk 00:16:13]} {[%emt 00:00:38]} 37. Rh7 {[%clk 00:36:34]}
{[%emt 00:00:35]} Ke8 {[%clk 00:15:37]} {[%emt 00:00:40]} 38. Rb1 {[%clk
00:36:19]} {[%emt 00:00:21]} f1=Q+ {[%emt 00:01:00]} 39. Rxf1 {[%emt 00:00:11]}
a5 {[%clk 00:13:54]} {[%emt 00:00:37]} 40. Rb1 {[%clk 00:36:19]} {[%emt
00:00:05]} Kd8 {[%clk 00:13:24]} {[%emt 00:00:35]} 41. Rb8# {[%emt 00:00:23]}
1-0

[Event "DVM U10 2023"]
[Site "Magdeburg GER"]
[Date "2023.12.27"]
[Round "1"]
[White "Müller, Konstantin"]
[Black "Gupta, Pranit"]
[Result "1-0"]
[Termination "normal"]
[Board "6.1"]
[WhiteElo "1614"]
[BlackElo "1155"]
[WhiteClock "00:46:43"]
[BlackClock "00:47:05"]
[WhiteTeam "SK Münster 32"]
[BlackTeam "SF Deizisau"]
[PlyCount "23"]
[WhiteFideId "34661778"]
[EventCountry "GER"]
[EventRounds "7"]
[EventType "team-swiss"]
[EventDate "2023.12.27"]

1. e4 {[%clk 00:55:07]} {[%emt 00:00:02]} c5 {[%clk 00:55:04]} {[%emt
00:00:06]} 2. c3 {[%clk 00:55:08]} {[%emt 00:00:05]} d6 {[%clk 00:54:58]}
{[%emt 00:00:11]} 3. d4 {[%clk 00:55:07]} {[%emt 00:00:06]} cxd4 {[%clk
00:54:39]} {[%emt 00:00:24]} 4. cxd4 {[%clk 00:55:01]} {[%emt 00:00:11]} Nf6
{[%clk 00:54:25]} {[%emt 00:00:19]} 5. Nc3 {[%clk 00:54:42]} {[%emt 00:00:24]}
Bd7 {[%clk 00:52:42]} {[%emt 00:01:48]} 6. e5 {[%clk 00:53:46]} {[%emt
00:01:00]} dxe5 {[%clk 00:52:39]} {[%emt 00:00:09]} 7. dxe5 {[%clk 00:53:39]}
{[%emt 00:00:12]} Ng4 {[%clk 00:51:50]} {[%emt 00:00:53]} 8. Nf3 {[%clk
00:52:04]} {[%emt 00:01:41]} f6 {[%clk 00:51:45]} {[%emt 00:00:10]} 9. Bd3
{[%clk 00:50:13]} {[%emt 00:01:55]} fxe5 {[%clk 00:49:45]} {[%emt 00:02:06]}
10. Ng5 {[%clk 00:48:30]} {[%emt 00:01:43]} Nc6 {[%clk 00:48:38]} {[%emt
00:01:17]} 11. Bxh7 {[%clk 00:46:55]} {[%emt 00:01:40]} Nf6 {[%clk 00:47:05]}
{[%emt 00:01:38]} 12. Bg6# {[%clk 00:46:43]} {[%emt 00:00:17]} 1-0

[Event "DVM U10 2023"]
[Site "Magdeburg GER"]
[Date "2023.12.27"]
[Round "1"]
[White "Hou, Yinuo"]
[Black "Schwetz, Emil Oliver"]
[Result "0-1"]
[Termination "normal"]
[Board "6.2"]
[WhiteElo "1211"]
[BlackElo "1411"]
[WhiteClock "00:33:20"]
[BlackClock "00:26:26"]
[WhiteTeam "SF Deizisau"]
[BlackTeam "SK Münster 32"]
[PlyCount "80"]
[BlackFideId "34664041"]
[EventCountry "GER"]
[EventRounds "7"]
[EventType "team-swiss"]
[EventDate "2023.12.27"]

1. e4 {[%clk 00:55:08]} {[%emt 00:00:02]} e5 {[%clk 00:55:02]} {[%emt
00:00:08]} 2. Nf3 {[%clk 00:55:06]} {[%emt 00:00:06]} Nc6 {[%clk 00:55:05]}
{[%emt 00:00:03]} 3. Bb5 {[%clk 00:55:03]} {[%emt 00:00:09]} a6 {[%clk
00:55:02]} {[%emt 00:00:07]} 4. Ba4 {[%clk 00:55:03]} {[%emt 00:00:05]} b5
{[%clk 00:54:48]} {[%emt 00:00:20]} 5. Bb3 {[%clk 00:55:00]} {[%emt 00:00:07]}
d6 {[%clk 00:54:30]} {[%emt 00:00:22]} 6. d3 {[%clk 00:54:43]} {[%emt
00:00:23]} Bg4 {[%clk 00:53:34]} {[%emt 00:01:00]} 7. c3 {[%clk 00:54:09]} Nf6
{[%clk 00:53:17]} {[%emt 00:01:02]} 8. O-O {[%clk 00:53:43]} Be7 {[%clk
00:49:19]} {[%emt 00:04:34]} 9. Be3 {[%clk 00:52:55]} O-O {[%clk 00:47:30]}
{[%emt 00:02:46]} 10. Nbd2 {[%clk 00:52:35]} {[%emt 00:00:25]} a5 {[%clk
00:44:35]} {[%emt 00:03:01]} 11. Re1 {[%clk 00:52:22]} {[%emt 00:00:18]} a4
{[%clk 00:43:46]} {[%emt 00:00:54]} 12. Bc2 {[%clk 00:52:21]} {[%emt 00:00:05]}
d5 {[%emt 00:02:42]} 13. exd5 {[%clk 00:50:09]} {[%emt 00:00:54]} Nxd5 {[%clk
00:42:03]} {[%emt 00:00:36]} 14. Nf1 {[%clk 00:49:37]} {[%emt 00:00:35]} Nxe3
{[%clk 00:41:17]} {[%emt 00:00:52]} 15. fxe3 {[%emt 00:00:25]} Bh4 {[%clk
00:38:15]} {[%emt 00:03:02]} 16. Ng3 {[%clk 00:48:32]} {[%emt 00:00:55]} Bxg3
{[%clk 00:38:09]} {[%emt 00:00:11]} 17. hxg3 {[%clk 00:48:22]} {[%emt
00:00:15]} Qf6 {[%clk 00:37:05]} {[%emt 00:01:06]} 18. Rf1 {[%clk 00:47:10]}
{[%emt 00:01:18]} Qh6 {[%clk 00:36:30]} {[%emt 00:00:41]} 19. Kf2 {[%clk
00:46:06]} {[%emt 00:01:09]} Qf6 {[%clk 00:35:18]} {[%emt 00:01:17]} 20. d4
{[%clk 00:45:10]} {[%emt 00:01:01]} Rad8 {[%clk 00:33:43]} {[%emt 00:01:38]}
21. Ke1 {[%clk 00:44:22]} {[%emt 00:00:51]} Qe7 {[%clk 00:32:40]} {[%emt
00:01:11]} 22. Rh1 {[%clk 00:43:34]} {[%emt 00:00:49]} f5 {[%clk 00:31:22]}
{[%emt 00:01:28]} 23. b3 {[%clk 00:42:29]} {[%emt 00:01:11]} e4 {[%emt
00:00:44]} 24. bxa4 {[%clk 00:41:27]} {[%emt 00:00:55]} exf3 {[%clk 00:30:37]}
{[%emt 00:00:24]} 25. gxf3 {[%clk 00:40:59]} {[%emt 00:00:31]} Qxe3+ {[%clk
00:30:14]} {[%emt 00:00:28]} 26. Qe2 {[%clk 00:40:47]} {[%emt 00:00:18]} Qxc3+
{[%clk 00:30:00]} {[%emt 00:00:19]} 27. Kf2 {[%clk 00:40:13]} {[%emt 00:00:37]}
Nxd4 {[%clk 00:28:39]} {[%emt 00:01:28]} 28. Qd3 {[%clk 00:37:27]} {[%emt
00:02:50]} Qxc2+ {[%clk 00:28:01]} {[%emt 00:00:45]} 29. Qxc2 {[%clk 00:36:51]}
{[%emt 00:00:40]} Nxc2 {[%clk 00:27:58]} {[%emt 00:00:09]} 30. Rac1 {[%clk
00:36:42]} {[%emt 00:00:12]} Rd2+ {[%clk 00:27:55]} {[%emt 00:00:09]} 31. Kf1
{[%clk 00:36:02]} {[%emt 00:00:39]} Bxf3 {[%clk 00:27:37]} {[%emt 00:00:29]}
32. Rh3 {[%clk 00:34:48]} {[%emt 00:01:18]} Bg2+ {[%clk 00:27:27]} {[%emt
00:00:15]} 33. Kg1 {[%clk 00:34:40]} {[%emt 00:00:12]} Bxh3 {[%clk 00:27:27]}
{[%emt 00:00:07]} 34. a5 {[%clk 00:34:29]} {[%emt 00:00:16]} Ra8 {[%clk
00:27:01]} {[%emt 00:00:30]} 35. a6 {[%clk 00:34:16]} {[%emt 00:00:19]} Rxa6
{[%clk 00:26:58]} {[%emt 00:00:07]} 36. Rb1 {[%clk 00:34:04]} {[%emt 00:00:18]}
Re6 {[%clk 00:26:41]} {[%emt 00:00:21]} 37. a3 {[%clk 00:33:38]} {[%emt
00:00:33]} Re1+ {[%clk 00:26:33]} {[%emt 00:00:11]} 38. Rxe1 {[%clk 00:33:29]}
{[%emt 00:00:14]} Nxe1 {[%clk 00:26:35]} {[%emt 00:00:04]} 39. a4 {[%clk
00:33:24]} {[%emt 00:00:10]} Nf3+ {[%clk 00:26:26]} {[%emt 00:00:14]} 40. Kh1
{[%clk 00:33:20]} {[%emt 00:00:08]} Rd1# {[%emt 00:00:06]} 0-1

[Event "DVM U10 2023"]
[Site "Magdeburg GER"]
[Date "2023.12.27"]
[Round "1"]
[White "Artarov, Rina"]
[Black "Gheng, Hannes Lucas"]
[Result "1-0"]
[Termination "normal"]
[Board "6.3"]
[WhiteElo "1044"]
[BlackElo "961"]
[WhiteClock "00:35:19"]
[BlackClock "00:55:05"]
[WhiteTeam "SK Münster 32"]
[BlackTeam "SF Deizisau"]
[PlyCount "51"]
[BlackFideId "34606890"]
[EventCountry "GER"]
[EventRounds "7"]
[EventType "team-swiss"]
[EventDate "2023.12.27"]

1. d4 {[%clk 00:55:06]} {[%emt 00:00:03]} d5 {[%clk 00:55:00]} {[%emt
00:00:10]} 2. c4 {[%clk 00:55:07]} {[%emt 00:00:04]} e6 {[%clk 00:54:53]}
{[%emt 00:00:13]} 3. Nc3 {[%clk 00:55:05]} {[%emt 00:00:06]} Nf6 {[%clk
00:54:44]} {[%emt 00:00:14]} 4. Bf4 {[%clk 00:54:58]} {[%emt 00:00:12]} Bd6
{[%clk 00:54:06]} {[%emt 00:00:43]} 5. Bg3 {[%clk 00:54:50]} {[%emt 00:00:13]}
O-O {[%clk 00:53:35]} {[%emt 00:00:37]} 6. e3 {[%clk 00:54:46]} {[%emt
00:00:08]} b6 {[%clk 00:53:03]} {[%emt 00:00:14]} 7. Bd3 {[%clk 00:54:44]}
{[%emt 00:00:30]} Bb7 {[%clk 00:52:51]} {[%emt 00:00:18]} 8. Nf3 {[%clk
00:54:26]} {[%emt 00:00:22]} Ne4 {[%clk 00:52:04]} {[%emt 00:00:51]} 9. Qc2
{[%clk 00:53:04]} {[%emt 00:01:27]} Nxg3 {[%clk 00:51:27]} {[%emt 00:00:43]}
10. hxg3 {[%clk 00:52:54]} {[%emt 00:00:15]} h6 {[%clk 00:51:16]} {[%emt
00:00:16]} 11. O-O-O {[%clk 00:51:18]} {[%emt 00:01:42]} c5 {[%clk 00:50:58]}
{[%emt 00:00:23]} 12. Be2 {[%clk 00:50:34]} {[%emt 00:00:49]} Ba6 {[%clk
00:49:30]} {[%emt 00:01:33]} 13. g4 {[%clk 00:49:39]} {[%emt 00:00:57]} Bxc4
{[%emt 00:01:29]} 14. Bxc4 {[%clk 00:49:34]} {[%emt 00:00:08]} dxc4 {[%clk
00:47:18]} {[%emt 00:00:58]} 15. g5 {[%clk 00:49:22]} {[%emt 00:00:15]} h5
{[%clk 00:46:42]} {[%emt 00:00:41]} 16. Rxh5 {[%clk 00:47:51]} {[%emt
00:01:37]} g6 {[%clk 00:46:31]} {[%emt 00:00:16]} 17. Rhh1 {[%clk 00:47:23]}
{[%emt 00:00:32]} Nc6 {[%clk 00:38:52]} {[%emt 00:07:45]} 18. Ne5 {[%clk
00:46:09]} {[%emt 00:01:18]} Bxe5 {[%clk 00:38:13]} {[%emt 00:00:46]} 19. dxe5
{[%clk 00:45:50]} {[%emt 00:00:24]} Qxg5 {[%clk 00:38:03]} {[%emt 00:00:13]}
20. Qe4 {[%clk 00:40:54]} {[%emt 00:05:03]} Rac8 {[%clk 00:35:54]} {[%emt
00:02:14]} 21. Rh2 {[%clk 00:38:37]} {[%emt 00:02:20]} Qxe5 {[%clk 00:33:29]}
{[%emt 00:02:31]} 22. Rdh1 {[%clk 00:36:31]} {[%emt 00:02:11]} f6 {[%clk
00:33:07]} {[%emt 00:00:28]} 23. Rh8+ {[%clk 00:35:19]} {[%emt 00:01:16]} Kf7
{[%emt 00:00:09]} 24. R1h7+ {[%emt 00:00:29]} Ke8 {[%emt 00:00:21]} 25. Qxg6+
{[%emt 00:00:45]} Kd8 {[%clk 00:55:05]} {[%emt 00:00:59]} 26. Rxf8# 1-0

[Event "DVM U10 2023"]
[Site "Magdeburg GER"]
[Date "2023.12.27"]
[Round "1"]
[White "Sandros Izzi, Diego"]
[Black "Tolle, Jonathan"]
[Result "0-1"]
[Termination "normal"]
[Board "6.4"]
[WhiteElo "900"]
[BlackElo "929"]
[WhiteClock "00:25:21"]
[BlackClock "00:32:31"]
[WhiteTeam "SF Deizisau"]
[BlackTeam "SK Münster 32"]
[PlyCount "88"]
[EventCountry "GER"]
[EventRounds "7"]
[EventType "team-swiss"]
[EventDate "2023.12.27"]

1. e4 {[%clk 00:55:06]} {[%emt 00:00:03]} e5 {[%clk 00:55:09]} {[%emt
00:00:02]} 2. Nf3 {[%clk 00:54:48]} {[%emt 00:00:22]} Nc6 {[%clk 00:55:10]}
{[%emt 00:00:05]} 3. Bc4 {[%clk 00:54:22]} {[%emt 00:00:31]} Bc5 {[%clk
00:55:03]} {[%emt 00:00:12]} 4. O-O {[%clk 00:53:27]} {[%emt 00:01:01]} d6
{[%clk 00:54:55]} {[%emt 00:00:13]} 5. Nc3 {[%clk 00:51:20]} {[%emt 00:02:11]}
Bg4 {[%clk 00:54:35]} {[%emt 00:00:24]} 6. h3 {[%clk 00:50:12]} {[%emt
00:01:14]} Bh5 {[%clk 00:54:31]} {[%emt 00:00:09]} 7. Qe1 {[%clk 00:49:57]}
{[%emt 00:00:19]} Bxf3 {[%clk 00:54:21]} {[%emt 00:00:16]} 8. gxf3 {[%clk
00:49:42]} {[%emt 00:00:19]} Nf6 {[%clk 00:53:04]} {[%emt 00:01:24]} 9. a3
{[%clk 00:49:03]} {[%emt 00:00:43]} O-O {[%clk 00:52:47]} {[%emt 00:00:22]} 10.
Kh1 {[%clk 00:48:36]} {[%emt 00:00:28]} Qd7 {[%clk 00:52:12]} {[%emt 00:00:44]}
11. Kh2 {[%clk 00:48:12]} {[%emt 00:00:27]} Nd4 {[%clk 00:51:48]} {[%emt
00:00:30]} 12. Qe3 {[%clk 00:47:31]} {[%emt 00:00:46]} Nxc2 {[%clk 00:51:23]}
{[%emt 00:00:31]} 13. Qg5 {[%clk 00:46:32]} {[%emt 00:01:03]} h6 {[%clk
00:49:49]} {[%emt 00:01:40]} 14. Qg2 {[%clk 00:46:07]} {[%emt 00:00:29]} Nxa1
{[%clk 00:48:34]} {[%emt 00:01:22]} 15. d4 {[%clk 00:46:00]} {[%emt 00:00:12]}
Kh7 {[%clk 00:46:15]} {[%emt 00:02:24]} 16. Rg1 {[%clk 00:45:14]} {[%emt
00:00:49]} Rg8 {[%clk 00:45:15]} {[%emt 00:01:06]} 17. dxc5 {[%clk 00:45:04]}
{[%emt 00:00:14]} dxc5 {[%clk 00:44:06]} {[%emt 00:01:16]} 18. Rd1 {[%clk
00:44:47]} {[%emt 00:00:19]} Qe7 {[%clk 00:42:37]} {[%emt 00:01:36]} 19. Be3
{[%clk 00:43:22]} {[%emt 00:01:28]} Nc2 {[%clk 00:40:57]} {[%emt 00:01:47]} 20.
f4 {[%clk 00:40:00]} {[%emt 00:03:27]} Nxe3 {[%clk 00:40:14]} {[%emt 00:00:48]}
21. fxe3 {[%clk 00:39:54]} {[%emt 00:00:09]} Rad8 {[%clk 00:38:28]} {[%emt
00:01:53]} 22. Nd5 {[%clk 00:39:32]} {[%emt 00:00:27]} Nxd5 {[%clk 00:38:04]}
{[%emt 00:00:29]} 23. exd5 {[%clk 00:39:24]} {[%emt 00:00:12]} c6 {[%clk
00:36:35]} {[%emt 00:01:35]} 24. Bd3+ {[%clk 00:39:13]} {[%emt 00:00:16]} Kh8
{[%clk 00:35:59]} {[%emt 00:00:42]} 25. Qe4 {[%clk 00:38:54]} {[%emt 00:00:23]}
g6 {[%clk 00:35:20]} {[%emt 00:00:44]} 26. Rg1 {[%clk 00:37:38]} {[%emt
00:01:19]} cxd5 {[%clk 00:34:55]} {[%emt 00:00:33]} 27. Qxe5+ {[%clk 00:37:11]}
{[%emt 00:00:32]} Qxe5 {[%clk 00:34:22]} {[%emt 00:00:38]} 28. fxe5 {[%clk
00:37:07]} {[%emt 00:00:07]} Rde8 {[%clk 00:34:13]} {[%emt 00:00:15]} 29. Rg3
{[%clk 00:28:33]} {[%emt 00:08:38]} Rxe5 {[%clk 00:34:02]} {[%emt 00:00:17]}
30. b4 {[%clk 00:28:33]} {[%emt 00:00:05]} c4 {[%clk 00:33:49]} {[%emt
00:00:18]} 31. Bc2 {[%clk 00:28:24]} {[%emt 00:00:15]} d4 {[%clk 00:33:37]}
{[%emt 00:00:16]} 32. Kg2 {[%clk 00:27:58]} {[%emt 00:00:30]} Rxe3 {[%clk
00:33:33]} {[%emt 00:00:10]} 33. Kf2 {[%clk 00:27:15]} {[%emt 00:00:45]} Rxg3
{[%clk 00:33:28]} {[%emt 00:00:13]} 34. Kxg3 {[%clk 00:27:12]} {[%emt
00:00:07]} d3 {[%clk 00:33:24]} {[%emt 00:00:10]} 35. Bxd3 {[%clk 00:26:33]}
{[%emt 00:00:45]} cxd3 {[%clk 00:33:22]} {[%emt 00:00:06]} 36. Kf2 {[%clk
00:26:29]} {[%emt 00:00:09]} d2 {[%clk 00:33:19]} {[%emt 00:00:08]} 37. Ke2
{[%clk 00:26:27]} {[%emt 00:00:07]} Rd8 {[%clk 00:33:17]} {[%emt 00:00:07]} 38.
Kf2 {[%clk 00:26:15]} {[%emt 00:00:17]} d1=Q {[%clk 00:33:08]} {[%emt
00:00:14]} 39. Kg2 {[%clk 00:26:02]} {[%emt 00:00:17]} Rd2+ {[%clk 00:33:01]}
{[%emt 00:00:12]} 40. Kg3 {[%clk 00:25:58]} {[%emt 00:00:10]} Qg1+ {[%clk
00:32:56]} {[%emt 00:00:10]} 41. Kf3 {[%clk 00:25:50]} {[%emt 00:00:12]} Qe1
{[%clk 00:32:47]} {[%emt 00:00:15]} 42. Kf4 {[%clk 00:25:34]} {[%emt 00:00:21]}
Rf2+ {[%clk 00:32:44]} {[%emt 00:00:08]} 43. Kg4 {[%clk 00:25:29]} {[%emt
00:00:11]} Qg1+ {[%clk 00:32:39]} {[%emt 00:00:09]} 44. Kh4 {[%clk 00:25:21]}
{[%emt 00:00:13]} Rf4# {[%clk 00:32:31]} {[%emt 00:00:13]} 0-1